000
00311nam a22001457a 4500
008
230719b ||||| |||| 00| 0 eng d
020
_a
9971509636
041
_a
eng
080
_2
VOLUME 5
_a
53
082
_a
53WEI
100
_a
20
101
_a
FIZIK
245
_a
SUPERNOVAE
_c
WEINBERG.S
942
_2
udc
_c
BK
999
_c
60169
_d
60169